| 000 | 00614nam a2200241 a 4500 | ||
|---|---|---|---|
| 001 | nice12345678 | ||
| 003 | IN_TiNIC | ||
| 005 | 20260116012723.0 | ||
| 008 | 050524s1986 luca grp 000 0 per | ||
| 020 |
_a _c100 |
||
| 082 | 0 | 0 |
_a297.4 _bKAZ |
| 100 | _aKazimi, Moin-Ud-Din | ||
| 245 | _aAdab-E-Moiniya. | ||
| 260 |
_aLucknow _bMunshi Nol Kishore _c1986 |
||
| 300 | _a35p | ||
| 500 | _aincludes index and biblioraphy | ||
| 505 | 2 | _amaulana hafiz daraz al-hashiyatah/Al-minhiyal-al-salam | |
| 650 | _aSufism-Iran | ||
| 700 | 1 | _aKazimi, Moin-Ud-Din | |
| 902 | _bSRS | ||
| 942 | _cBK | ||
| 999 |
_c8092 _d8092 |
||